| 000 | 00482nam a22001577a 4500 | ||
|---|---|---|---|
| 005 | 20240318061811.0 | ||
| 008 | 240318b |||||||| |||| 00| 0 eng d | ||
| 041 | _aEnglish | ||
| 082 | _a349 IND | ||
| 100 | _lEnglish | ||
| 245 |
_aIndustrial Law Journal : _cedited by H Cheadle and E Mureinik |
||
| 260 |
_aCape Town : _bJuta and Company Limited, _c1980 |
||
| 300 |
_b73 pages ; _c25 cm. |
||
| 650 |
_aLegal practice _bLaw |
||
| 942 |
_cCR _6ALISON_BN_VRIES |
||
| 999 |
_c1461 _d1461 |
||